| 000 | 00582nam a2200229Ia 4500 | ||
|---|---|---|---|
| 008 | 160803s9999 xx 000 0 und d | ||
| 020 | _a978-0545236584 | ||
| 100 | _aFletcher, Ralph | ||
| 245 | _aHow to write your life story / | ||
| 245 | _cRalph Fletcher. | ||
| 260 | _aNew York : | ||
| 260 | _bScholastic Inc. | ||
| 260 | _c2007 | ||
| 300 | _a102 pages : | ||
| 300 | _billustrations : | ||
| 300 | _c20 cm. | ||
| 650 | _aAutobiography -- | ||
| 650 | _aAutobiography -- Authorship -- | ||
| 650 | _xAuthorship. | ||
| 650 | _xJuvenile literature. | ||
| 700 | _a940 | ||
| 999 |
_c298098 _d298098 |
||